|
|
|
|
| LEADER |
00000nab a2200000 a 4500 |
| 001 |
vtls000801135 |
| 003 |
SK-MaSNL |
| 005 |
20260318124310.0 |
| 008 |
160314c2002 xo 0 hun |
| 015 |
|
|
|a SNBRB2002/07-22841
|
| 035 |
|
|
|a CLN000152790
|
| 040 |
|
|
|a SNKBUCL
|b slo
|c SNKBUCL
|e AACR2
|
| 041 |
0 |
|
|a slo
|
| 044 |
|
|
|a xo
|c SK
|
| 080 |
|
|
|a 894.511:929
|2 UDC-MRF-SK2
|
| 080 |
|
|
|a 82:929:894.511
|2 UDC-MRF-SK2
|
| 080 |
|
|
|a 929 Mészöly, Miklós
|2 UDC-MRF-SK2
|
| 100 |
1 |
|
|a Csanda, Gábor,
|d 1963-
|4 ain
|9 98659
|
| 245 |
1 |
0 |
|a Grendel Lajos A tények mágiája című Mészöly-kötetéről
|b "hogyan lehet a posztmodern által elvesztett spontaneitást visszaszerezni ..."
|c Csanda Gábor, Grendel Lajos
|
| 300 |
|
|
|b Fotogr.
|
| 600 |
1 |
7 |
|a Mészöly, Miklós,
|d 1921-2001
|2 snkbucl
|9 106418
|
| 600 |
1 |
7 |
|a Grendel, Lajos,
|d 1948-2018
|t A tények mágiája
|2 snkbucl
|9 174553
|
| 655 |
|
7 |
|a informačné publikácie
|2 snkbucl
|9 70181
|
| 655 |
|
7 |
|a články z novín a časopisov
|2 snkbucl
|9 267496
|
| 700 |
1 |
|
|a Grendel, Lajos,
|d 1948-2018
|4 aut
|4 uin
|9 185584
|
| 773 |
0 |
|
|t Új szó
|g Roč. 55, č. 137 (14.6.2002)
|
| 773 |
0 |
|
|t [Príl.] Gondolat
|g Roč. 2, č. 12 (2002), s. 11
|
| 850 |
|
|
|a Slovenská národná knižnica v Martine
|
| 852 |
|
|
|a SNK
|b KIS3GCP
|
| 958 |
|
|
|a HU
|
| 958 |
|
|
|a LX
|
| 958 |
|
|
|a BC
|
| 958 |
|
|
|a SK
|
| 999 |
|
|
|c 2546767
|d 2548697
|